000 00306nam a2200145Ia 4500
100 _aD.G.E.T
650 _aCarpentery
942 _cBK
654 _aguide Turner 1st year
245 _aInstructors Guide Turner 1st Year
260 _bCIMI
_aMadras
300 _a104
546 _aENGLISH
999 _c29758
_d29758